| 000 | 00319nam a2200109 4500 | ||
|---|---|---|---|
| 008 | 180219b xxu||||| |||| 00| 0 eng d | ||
| 245 | _aDrought turning VisMin farms into parched wasteland. | ||
| 260 |
_aPhilippines _bPhilippine Daily Inquirer _cc2016 |
||
| 300 | _apage A8. | ||
| 650 | 0 |
_926632 _aDrought. |
|
| 942 |
_2ddc _cPER |
||
| 999 |
_c8735 _d8735 |
||